Match the Celebrity without their Middle Name/Initia Quiz Stats

 Plays Quiz not verified by Sporcle

Challenge
Share
Tweet
Score 0/51 Timer 05:00
0 Plays Today
% Correct
Jennifer
86.1%
Haley
83.5%
Sarah
82.3%
Francis
82.3%
Mary
81.8%
Helena
76.2%
Jamie
75.8%
Michael
73.6%
Tiffani
72.7%
Melissa
69.3%
Joseph
68.4%
Soleil
64.9%
Edward
63.2%
Neil
62.8%
Sarah
62.3%
Olivia
61.9%
William
59.7%
Jennifer
59.3%
Mary
58%
Tommy
57.1%
Anthony
55%
Daniel
54.5%
Catherine
52.8%
Evan
51.5%
Lara
51.5%
Lou
51.1%
% Correct
Mary
51.1%
Michael
50.6%
Mary
49.8%
Seann
48.9%
Andrew
48.9%
Andrew
45.5%
Kristin
44.6%
Malcolm
44.6%
Mary
44.5%
Robin
44.2%
James
42.4%
John
41.6%
Jonathan
41.1%
David
40.3%
David
35.5%
Frank
35.1%
Thomas
34.6%
Rachel
32%
Anna
29.4%
Mary
29%
Billy
28.6%
Philip
21.6%
Richard
19.9%
John
18.2%
Michael
17.3%

You're not logged in!

Compare scores with friends on all Sporcle quizzes.
Join for Free
OR
Log In

You Might Also Like...

Show Comments

Extras

Top Quizzes Today


Score Distribution

Your Account Isn't Verified!

In order to create a playlist on Sporcle, you need to verify the email address you used during registration. Go to your Sporcle Settings to finish the process.

Report this User

Report this user for behavior that violates our Community Guidelines.

Details: